Music theory secrets : 94 strategies for the starting musician /

Bibliographic Details
Main Author: Coppenbarger, Brent (Author)
Corporate Author: ProQuest (Firm)
Format: eBook
Language:English
Published: Lanham, Maryland ; London, England : Rowman and Littlefield, 2014.
Series:Music Secrets for the Starting Musician
Subjects:
Online Access:Connect to the full text of this electronic book

MARC

Tag First Indicator Second Indicator Subfields
LEADER 00000nam a2200000 i 4500
001 in00004380521
005 20211213071735.0
006 m o d |
007 cr cnu||||||||
008 140917t20142014mdu ob 001 0 eng d
020 |z 9781442233232 
020 |a 9781442233249  |q (electronic bk.) 
035 |a (MiAaPQ)EBC1776247 
035 |a (Au-PeEL)EBL1776247 
035 |a (CaPaEBR)ebr10924318 
035 |a (CaONFJC)MIL640260 
035 |a (OCoLC)889879845 
040 |a MiAaPQ  |b eng  |e rda  |e pn  |c MiAaPQ  |d MiAaPQ 
050 4 |a MT6  |b .C7825 2014 
082 0 |a 781  |2 23 
100 1 |a Coppenbarger, Brent,  |e author. 
245 1 0 |a Music theory secrets :  |b 94 strategies for the starting musician /  |c Brent Coppenbarger. 
264 1 |a Lanham, Maryland ;  |a London, England :  |b Rowman and Littlefield,  |c 2014. 
264 4 |c ©2014 
300 |a 1 online resource (157 pages) 
336 |a text  |b txt  |2 rdacontent 
337 |a computer  |b c  |2 rdamedia 
338 |a online resource  |b cr  |2 rdacarrier 
490 0 |a Music Secrets for the Starting Musician 
504 |a Includes bibliographical references and index. 
588 |a Description based on print version record. 
590 |a Electronic reproduction. Ann Arbor, MI : ProQuest, 2015. Available via World Wide Web. Access may be limited to ProQuest affiliated libraries. 
650 0 |a Music theory. 
655 7 |a Electronic books.  |2 local 
710 2 |a ProQuest (Firm) 
776 0 8 |i Print version:  |a Coppenbarger, Brent.  |t Music theory secrets : 94 strategies for the starting musician.  |d Lanham, Maryland ; London, England : Rowman & Littlefield, c2014   |h xix, 135 pages   |k Music Secrets for the Starting Musician   |z 9781442233232   |w 2014013724 
856 4 0 |u https://ebookcentral.proquest.com/lib/tamucs/detail.action?docID=1776247  |z Connect to the full text of this electronic book  |t 0 
955 |a ProQuest Ebooks Purchased EBA 2018 
999 f f |s 906cfec7-b6c3-35c3-8e71-9590f51c2ab8  |i c8f62d6a-69b7-3bbd-bb1f-204b7eca97e1  |t 0 
952 f f |a Texas A&M University  |b College Station  |c Electronic Resources  |d Available Online  |t 0  |e MT6 .C7825 2014  |h Library of Congress classification 
998 f f |a MT6 .C7825 2014  |t 0  |l Available Online